[Event "IND-chT 33rd"]
[Site "Hyderabad"]
[Date "2013.02.21"]
[Round "2.1"]
[White "Singh, Rishipal S"]
[Black "Adhiban, Baskaran"]
[Result "0-1"]
[WhiteElo "2168"]
[BlackElo "2547"]
[PlyCount "64"]
[EventDate "2013.02.20"]
[EventType "team-swiss"]
[EventRounds "9"]
[EventCountry "IND"]
[SourceTitle "CBM 153 Extra"]
[Source "ChessBase"]
[SourceDate "2013.04.22"]
[SourceVersion "1"]
[SourceVersionDate "2013.04.22"]
[SourceQuality "1"]
[WhiteTeam "Maestro CA"]
[BlackTeam "PSPB"]
[WhiteTeamCountry "IND"]
[BlackTeamCountry "IND"]

1. c4 Nf6 2. Nc3 c5 3. e4 Nc6 4. g3 g6 5. Bg2 Bg7 6. Nge2 0-0 7. 0-0 d6 8. d3 Rb8 9. Rb1 Nd7 10. a3 Nd4 11. b4 a6 12. b5 a5 13. Bg5 b6 14. Qd2 Bb7 15. h4 f6 16. Bf4 Qe8 17. Nxd4 cxd4 18. Ne2 e5 19. Bh6 f5 20. Bxg7 Kxg7 21. f3 Nc5 22. Rbd1 Qe7 23. Bh3 Rf7 24. h5 Rbf8 25. hxg6 hxg6 26. exf5 gxf5 27. f4 Rh8 28. Bg2 Bxg2 29. Kxg2 Qb7+ 30. Rf3 Nb3 31. Qb2 Rh2+ 32. Kxh2 Qxf3 0-1

[Event "IND-chB 48th"]
[Site "Bhiwani"]
[Date "2010.09.23"]
[Round "10"]
[White "Singh, Rishipal S"]
[Black "Girinath, PDS"]
[Result "1/2-1/2"]
[WhiteElo "2177"]
[BlackElo "2379"]
[PlyCount "51"]
[EventDate "2010.09.16"]
[EventType "swiss"]
[EventRounds "13"]
[EventCountry "IND"]
[SourceTitle "CBM 138 Extra"]
[Source "ChessBase"]
[SourceDate "2010.10.29"]
[SourceVersion "1"]
[SourceVersionDate "2010.10.29"]
[SourceQuality "1"]

1. c4 e5 2. Nc3 Nc6 3. Nf3 g6 4. d4 exd4 5. Nxd4 Bg7 6. e3 Nge7 7. Be2 d6 8. 0-0 0-0 9. b3 Nxd4 10. exd4 Nf5 11. Be3 Re8 12. Qd3 Bd7 13. Bf3 Bc6 14. Bxc6 bxc6 15. Rae1 Qh4 16. d5 c5 17. Bd2 Nd4 18. Ne2 Nf5 19. Ng3 Nd4 20. Ne2 Nf5 21. Ba5 Qd8 22. Ng3 Nxg3 23. Rxe8+ Qxe8 24. hxg3 Qd7 25. Re1 Bd4 26. Qe4 1/2-1/2

[Event "IND-chB 48th"]
[Site "Bhiwani"]
[Date "2010.09.20"]
[Round "7"]
[White "Soumya, Swaminathan"]
[Black "Singh, Rishipal S"]
[Result "1-0"]
[WhiteElo "2281"]
[BlackElo "2177"]
[PlyCount "81"]
[EventDate "2010.09.16"]
[EventType "swiss"]
[EventRounds "13"]
[EventCountry "IND"]
[SourceTitle "CBM 138 Extra"]
[Source "ChessBase"]
[SourceDate "2010.10.29"]
[SourceVersion "1"]
[SourceVersionDate "2010.10.29"]
[SourceQuality "1"]

1. e4 e5 2. Nf3 Nc6 3. Bb5 a6 4. Ba4 Nf6 5. 0-0 Be7 6. Re1 b5 7. Bb3 d6 8. c3 0-0 9. h3 Nb8 10. d4 Nbd7 11. Nbd2 Bb7 12. Bc2 Re8 13. a4 Bf8 14. Bd3 c6 15. b3 Qb6 16. Bb2 g6 17. c4 bxc4 18. Nxc4 Qc7 19. dxe5 dxe5 20. Bc3 Nh5 21. g3 f6 22. Na5 Bc8 23. Rc1 Nc5 24. Bf1 Be6 25. Qc2 Nb7 26. Nc4 a5 27. Kh2 Reb8 28. g4 Nf4 29. g5 fxg5 30. Bxe5 Qe7 31. Nb6 Nc5 32. Nxa8 Rxa8 33. Qxc5 Qxc5 34. Rxc5 Bxc5 35. Nxg5 h6 36. Nxe6 Nxe6 37. Bc4 Re8 38. f4 Kh7 39. Rd1 Re7 40. Bf6 Rf7 41. e5 1-0

[Event "Commonwealth-ch"]
[Site "New Delhi"]
[Date "2010.05.14"]
[Round "7"]
[White "Singh, Rishipal S"]
[Black "Satyapragyan, Swayangsu"]
[Result "1/2-1/2"]
[WhiteElo "2194"]
[BlackElo "2463"]
[PlyCount "57"]
[EventDate "2010.05.10"]
[EventType "swiss"]
[EventRounds "11"]
[EventCountry "IND"]
[SourceTitle "CBM 136 Extra"]
[Source "ChessBase"]
[SourceDate "2010.07.02"]
[SourceVersion "2"]
[SourceVersionDate "2010.07.15"]
[SourceQuality "1"]

1. c4 e5 2. Nc3 Bb4 3. g3 Bxc3 4. bxc3 d6 5. Bg2 Nc6 6. d3 f5 7. Nf3 Nf6 8. 0-0 0-0 9. Rb1 Qe8 10. Ne1 Rb8 11. Nc2 Kh8 12. Nb4 Nxb4 13. cxb4 Bd7 14. b5 Qg6 15. e3 Be6 16. Qc2 Qf7 17. Rb4 e4 18. d4 c5 19. bxc6 bxc6 20. Ra4 Qc7 21. Bd2 Nd7 22. Rc1 c5 23. d5 Bf7 24. Bc3 Bh5 25. Ra3 Rb7 26. Rb3 Rfb8 27. Rcb1 Bg6 28. Rxb7 Rxb7 29. Rb3 1/2-1/2

[Event "Chennai op 2nd"]
[Site "Chennai"]
[Date "2010.01.27"]
[Round "4"]
[White "Singh, Rishipal S"]
[Black "Palit, Somak"]
[Result "0-1"]
[WhiteElo "2226"]
[BlackElo "2386"]
[PlyCount "140"]
[EventDate "2010.01.25"]
[EventType "swiss"]
[EventRounds "11"]
[EventCountry "IND"]
[SourceTitle "CBM 134 Extra"]
[Source "ChessBase"]
[SourceDate "2010.03.03"]
[SourceVersion "1"]
[SourceVersionDate "2010.03.03"]
[SourceQuality "1"]

1. c4 Nf6 2. Nc3 d5 3. cxd5 Nxd5 4. g3 c5 5. Bg2 Nc7 6. d3 e5 7. Qb3 Nd7 8. Nf3 Be7 9. 0-0 Rb8 10. Bh3 f6 11. e3 Nb6 12. Bxc8 Qxc8 13. a4 Qe6 14. Qxe6 Nxe6 15. a5 Nd7 16. Nd5 Kf7 17. Bd2 Rhd8 18. Nxe7 Kxe7 19. Bc3 Ndf8 20. Rfd1 Rd7 21. Kf1 Rbd8 22. Ke2 Ng6 23. Ne1 Kf7 24. Nc2 Ne7 25. Na3 Nc6 26. h4 Nc7 27. Be1 Nd5 28. Nc2 Ke6 29. Ra4 f5 30. Rc4 e4 31. dxe4 Nf4+ 32. gxf4 Rxd1 33. exf5+ Kxf5 34. Rxc5+ R1d5 35. Rc4 R5d6 36. Rc5+ Ke6 37. Bc3 Rd5 38. Nd4+ Nxd4+ 39. Bxd4 Rxc5 40. Bxc5 Rd5 41. Bxa7 Rxa5 42. Bd4 g6 43. Kf3 Ra1 44. e4 Rg1 45. Bc3 h5 46. Ba5 Ra1 47. Bc7 b5 48. Kg2 Re1 49. Kf3 b4 50. Ba5 Rd1 51. Bxb4 Rd3+ 52. Ke2 Rd4 53. Bc3 Rxe4+ 54. Kf3 Kf5 55. Be5 Rb4 56. Kg3 Ke4 57. Bf6 Rb5 58. Be5 Rd5 59. Kg2 Rd3 60. Bc7 Kf5 61. f3 Rd2+ 62. Kg3 Rxb2 63. Bd8 Ke6 64. Bg5 Rb5 65. Bd8 Rf5 66. Bc7 Rf7 67. Bb8 Kd5 68. Be5 Kc4 69. Bd6 Kd3 70. Kf2 Ra7 0-1

[Event "Chennai op 2nd"]
[Site "Chennai"]
[Date "2010.01.26"]
[Round "3"]
[White "Singh, Rishipal S"]
[Black "Shivananda, BS."]
[Result "1/2-1/2"]
[WhiteElo "2226"]
[BlackElo "2396"]
[PlyCount "55"]
[EventDate "2010.01.25"]
[EventType "swiss"]
[EventRounds "11"]
[EventCountry "IND"]
[SourceTitle "CBM 134 Extra"]
[Source "ChessBase"]
[SourceDate "2010.03.03"]
[SourceVersion "1"]
[SourceVersionDate "2010.03.03"]
[SourceQuality "1"]

1. c4 Nf6 2. Nc3 d5 3. cxd5 Nxd5 4. g3 g6 5. Bg2 Nxc3 6. bxc3 Bg7 7. h4 h6 8. Nh3 Nd7 9. Nf4 c6 10. Ba3 e5 11. Nd3 Qa5 12. Bd6 Bf8 13. Bxf8 Kxf8 14. 0-0 Kg7 15. Qb3 Re8 16. Nb2 Nf6 17. Nc4 Qc7 18. Qb4 Bg4 19. Rfe1 Rad8 20. d3 e4 21. Ne3 a5 22. Qb1 exd3 23. exd3 Bc8 24. d4 Be6 25. a4 Bd5 26. Nxd5 cxd5 27. Qb3 Qc6 28. Rab1 1/2-1/2

[Event "Commonwealth-ch"]
[Site "New Delhi"]
[Date "2007.12.09"]
[Round "9"]
[White "Prathamesh, Sunil Mokal"]
[Black "Singh, Rishipal S"]
[Result "1-0"]
[WhiteElo "2371"]
[BlackElo "2246"]
[PlyCount "97"]
[EventDate "2007.12.03"]
[EventType "swiss"]
[EventRounds "10"]
[EventCountry "IND"]
[SourceTitle "CBM 121 Extra"]
[Source "ChessBase"]
[SourceDate "2008.01.10"]
[SourceVersion "1"]
[SourceVersionDate "2008.01.10"]
[SourceQuality "1"]

1. e4 e5 2. Nf3 Nc6 3. Bb5 a6 4. Ba4 Nf6 5. 0-0 Be7 6. Re1 b5 7. Bb3 d6 8. c3 0-0 9. h3 Nb8 10. d4 Nbd7 11. Nbd2 Bb7 12. Bc2 Re8 13. Nf1 Bf8 14. Ng3 g6 15. b3 Bg7 16. a4 c5 17. d5 Qc7 18. Be3 Nb6 19. Qe2 bxa4 20. bxa4 a5 21. Bd3 Nbxd5 22. exd5 e4 23. Bc4 exf3 24. Qxf3 Nd7 25. Bf4 Ne5 26. Qe2 h6 27. Bb5 Rf8 28. Ne4 f6 29. Rad1 Bc8 30. Bh2 Bf5 31. f4 Nf7 32. Ng3 Bc8 33. f5 gxf5 34. Bd3 f4 35. Nf5 Ne5 36. Bxf4 Bxf5 37. Bxf5 Kh8 38. Qh5 Qf7 39. Qh4 Ng6 40. Bxg6 Qxg6 41. Bxd6 Rfe8 42. Bxc5 Rxe1+ 43. Rxe1 Qc2 44. Bd4 Qxa4 45. Re7 Qd1+ 46. Kh2 Qf1 47. d6 Qf5 48. d7 Qg6 49. Qg3 1-0

[Event "Chalkidiki op-A 2nd"]
[Site "Kallithea"]
[Date "2006.04.29"]
[Round "6"]
[White "Singh, Rishipal S"]
[Black "Andronis, Vasilios"]
[Result "1/2-1/2"]
[WhiteElo "2304"]
[BlackElo "2069"]
[PlyCount "66"]
[EventDate "2006.04.25"]
[EventType "swiss"]
[EventRounds "9"]
[EventCountry "GRE"]
[SourceTitle "CBM 112 Extra"]
[Source "ChessBase"]
[SourceDate "2006.07.14"]
[SourceVersion "1"]
[SourceVersionDate "2006.07.14"]
[SourceQuality "1"]

1. c4 e5 2. Nc3 Nc6 3. Nf3 Nf6 4. e4 Bb4 5. d3 d6 6. g3 0-0 7. Bg2 a6 8. 0-0 Bxc3 9. bxc3 b5 10. cxb5 axb5 11. Qb3 Bd7 12. Qxb5 Qe7 13. Qb2 Rfb8 14. Qc2 h6 15. Nh4 Ra6 16. Be3 Be6 17. Nf5 Qd7 18. d4 Bxf5 19. exf5 exd4 20. cxd4 Nb4 21. Qc4 d5 22. Qb3 Qxf5 23. Rfc1 Nc6 24. Qc3 Rba8 25. Bf1 Ne4 26. Qc2 Nb4 27. Qxc7 R6a7 28. Qb6 Nxa2 29. Rc7 Ra3 30. Qb2 R3a4 31. Bd3 Qf3 32. Be2 Qf5 33. Rc2 Nb4 1/2-1/2

[Event "Chalkidiki op-A 2nd"]
[Site "Kallithea"]
[Date "2006.04.27"]
[Round "4"]
[White "Singh, Rishipal S"]
[Black "Haratsidis, Vasilios"]
[Result "1-0"]
[WhiteElo "2304"]
[BlackElo "2024"]
[PlyCount "85"]
[EventDate "2006.04.25"]
[EventType "swiss"]
[EventRounds "9"]
[EventCountry "GRE"]
[SourceTitle "CBM 112 Extra"]
[Source "ChessBase"]
[SourceDate "2006.07.14"]
[SourceVersion "1"]
[SourceVersionDate "2006.07.14"]
[SourceQuality "1"]

1. c4 e6 2. b3 Nf6 3. Bb2 Be7 4. e4 d5 5. e5 Ne4 6. f3 Bc5 7. fxe4 Qh4+ 8. g3 Qxe4+ 9. Qe2 Qxh1 10. Nf3 d4 11. d3 g5 12. Nbd2 g4 13. 0-0-0 gxf3 14. Nxf3 Nc6 15. a3 a5 16. Bg2 Qxd1+ 17. Kxd1 Bd7 18. Qe4 0-0-0 19. Nxd4 h5 20. Nb5 Rhg8 21. d4 Rg4 22. Qf3 Be8 23. Kc1 Be7 24. d5 exd5 25. cxd5 Nxe5 26. Na7+ Kb8 27. Bxe5 Bxa3+ 28. Kb1 Kxa7 29. Bxc7 Rc8 30. Qe3+ Ka8 31. d6 Rb4 32. Ka2 a4 33. Kxa3 Rxb3+ 34. Qxb3 axb3 35. Bh3 Rb8 36. Bxb8 Kxb8 37. d7 Bxd7 38. Bxd7 Kc7 39. Be8 h4 40. Bxf7 Kd6 41. Kxb3 Ke5 42. g4 h3 43. g5 1-0

[Event "Hyderabad op 1st"]
[Site "Hyderabad"]
[Date "2006.03.01"]
[Round "6"]
[White "Singh, Rishipal S"]
[Black "Rathnakaran, Kantholi"]
[Result "0-1"]
[WhiteElo "2304"]
[BlackElo "2408"]
[PlyCount "76"]
[EventDate "2006.02.25"]
[EventType "swiss"]
[EventRounds "10"]
[EventCountry "IND"]
[SourceTitle "CBM 111 Extra"]
[Source "ChessBase"]
[SourceDate "2006.05.09"]
[SourceVersion "1"]
[SourceVersionDate "2006.05.09"]
[SourceQuality "1"]

1. c4 g6 2. Nc3 Bg7 3. g3 e5 4. Bg2 Ne7 5. d3 0-0 6. e4 Nbc6 7. Nge2 Nd4 8. 0-0 d6 9. Bg5 Ne6 10. Be3 Nc6 11. Qd2 a6 12. h3 Rb8 13. f4 Ned4 14. g4 h5 15. g5 exf4 16. Nxf4 b5 17. Nfd5 Be5 18. cxb5 axb5 19. Nf6+ Kg7 20. Ncd5 Ne6 21. Rac1 Ncd4 22. Kh1 c6 23. Nf4 Nxf4 24. Bxf4 Ra8 25. Bxe5 dxe5 26. b3 Ra6 27. Qf2 Ne6 28. Qg3 Qd4 29. Rc2 Nf4 30. Rxf4 exf4 31. Qxf4 Be6 32. Bf1 Rfa8 33. Rf2 b4 34. h4 c5 35. Bh3 Rxa2 36. Rxa2 Rxa2 37. Ne8+ Kf8 38. Bxe6 Qa1+ 0-1

[Event "Hyderabad op 1st"]
[Site "Hyderabad"]
[Date "2006.02.28"]
[Round "4"]
[White "Singh, Rishipal S"]
[Black "Ramesh, Ramachandran B"]
[Result "0-1"]
[WhiteElo "2304"]
[BlackElo "2491"]
[PlyCount "78"]
[EventDate "2006.02.25"]
[EventType "swiss"]
[EventRounds "10"]
[EventCountry "IND"]
[SourceTitle "CBM 111 Extra"]
[Source "ChessBase"]
[SourceDate "2006.05.09"]
[SourceVersion "1"]
[SourceVersionDate "2006.05.09"]
[SourceQuality "1"]

1. e4 c5 2. b3 Nc6 3. Bb2 d6 4. g3 Nf6 5. Bg2 e5 6. Ne2 Be7 7. 0-0 0-0 8. f4 Bg4 9. h3 Bxe2 10. Qxe2 Nd4 11. Qd1 Qd7 12. Nc3 b5 13. Ne2 Nc6 14. g4 d5 15. exd5 Nxd5 16. fxe5 Rad8 17. Ng3 Rfe8 18. Ne4 Qe6 19. a4 bxa4 20. Rxa4 Ne3 21. Qf3 Nxf1 22. Qxf1 Nxe5 23. Ra6 Bd6 24. Qb5 Rb8 25. Qa4 Red8 26. d4 cxd4 27. Ba3 d3 28. cxd3 Qxb3 29. Qxb3 Rxb3 30. Bxd6 Nxd3 31. Rxa7 h6 32. Ra2 Ne1 33. Re2 Nxg2 34. Kxg2 Rd3 35. Bf4 Ra8 36. Ng3 Rda3 37. Re7 Ra2+ 38. Re2 R8a3 39. Bd6 Rxg3+ 0-1

[Event "Asia-ch 5th"]
[Site "Hyderabad"]
[Date "2005.10.15"]
[Round "9"]
[White "Singh, Rishipal S"]
[Black "Harika, Dronavalli"]
[Result "1/2-1/2"]
[WhiteElo "2299"]
[BlackElo "2392"]
[PlyCount "44"]
[EventDate "2005.10.05"]
[EventType "swiss"]
[EventRounds "9"]
[EventCountry "IND"]
[SourceTitle "CBM 110"]
[Source "ChessBase"]
[SourceDate "2006.01.31"]
[SourceVersion "1"]
[SourceVersionDate "2006.01.31"]
[SourceQuality "1"]

1. c4 c5 2. Nc3 g6 3. g3 Bg7 4. Bg2 Nc6 5. d3 d6 6. e4 e5 7. Nge2 Nge7 8. 0-0 0-0 9. Rb1 Rb8 10. a3 a5 11. Bg5 Be6 12. Qd2 Qd7 13. a4 Nb4 14. b3 Nec6 15. Rbd1 b6 16. Nb5 f5 17. f3 Rf7 18. Nec3 Re8 19. Be3 Nd4 20. Bxd4 exd4 21. Nd5 Bxd5 22. cxd5 f4 1/2-1/2

[Event "United Insurance 8th"]
[Site "Dhaka"]
[Date "2005.04.10"]
[Round "7"]
[White "Singh, Rishipal S"]
[Black "Suresh, Kumar TJ"]
[Result "1-0"]
[WhiteElo "2271"]
[BlackElo "2226"]
[PlyCount "57"]
[EventDate "2005.04.05"]
[EventType "swiss"]
[EventRounds "11"]
[EventCountry "BAN"]
[SourceTitle "CBM 105 Extra"]
[Source "ChessBase"]
[SourceDate "2005.05.01"]
[SourceVersion "1"]
[SourceVersionDate "2005.05.01"]
[SourceQuality "1"]

1. c4 c6 2. e4 d5 3. exd5 cxd5 4. cxd5 Qxd5 5. Nc3 Qa5 6. d4 Nf6 7. Nf3 e6 8. Bd3 Be7 9. Bg5 Nc6 10. Bc2 0-0 11. a3 Rd8 12. b4 Qc7 13. Qd3 h6 14. Bh4 a6 15. 0-0 g6 16. Rfe1 Nd5 17. Bg3 Bd6 18. Bxd6 Qxd6 19. Ne4 Qf8 20. h4 Qg7 21. Rad1 b6 22. h5 Nf4 23. Qc4 gxh5 24. Ng3 Bb7 25. d5 Nxg2 26. dxc6 Bxc6 27. Kxg2 Rdc8 28. Be4 Bd5 29. Qd4 1-0

[Event "United Insurance 8th"]
[Site "Dhaka"]
[Date "2005.04.09"]
[Round "6"]
[White "Singh, Rishipal S"]
[Black "Akshayraj, Kore"]
[Result "0-1"]
[WhiteElo "2271"]
[BlackElo "2388"]
[PlyCount "120"]
[EventDate "2005.04.05"]
[EventType "swiss"]
[EventRounds "11"]
[EventCountry "BAN"]
[SourceTitle "CBM 105 Extra"]
[Source "ChessBase"]
[SourceDate "2005.05.01"]
[SourceVersion "1"]
[SourceVersionDate "2005.05.01"]
[SourceQuality "1"]

1. c4 c6 2. e4 e5 3. Nc3 Nf6 4. Nf3 d6 5. g3 g6 6. Bg2 Bg7 7. 0-0 0-0 8. d3 Re8 9. Nh4 h6 10. h3 Na6 11. Be3 Nc7 12. Qd2 Kh7 13. d4 b5 14. cxb5 cxb5 15. Rfd1 Bb7 16. d5 a5 17. Bb6 Nd7 18. Bxc7 Qxc7 19. Nxb5 Qb6 20. Na3 Nc5 21. Nc4 Qd8 22. Rac1 Bf6 23. Rc3 Ba6 24. Ne3 Bxh4 25. gxh4 Qxh4 26. Rxc5 dxc5 27. d6 Qd8 28. Qd5 Kg7 29. Qxc5 Rc8 30. Qa7 Ra8 31. Qc5 Re6 32. b3 Rc8 33. Qd5 Be2 34. Re1 Rxd6 35. Qxe5+ f6 36. Qg3 Rd2 37. e5 Kh7 38. Be4 Bh5 39. e6 Rc5 40. h4 Re5 41. Nc4 Rd1 42. Rxd1 Qxd1+ 43. Kh2 Rxe6 44. Qc7+ Kg8 45. Qc8+ Kf7 46. Qb7+ Kf8 47. Bd5 Qe2 48. Bxe6 Qxe6 49. Qa8+ Kg7 50. Qa7+ Kg8 51. Qxa5 g5 52. hxg5 hxg5 53. Qd8+ Kg7 54. Qc7+ Kg6 55. Ne3 Bf3 56. Kg3 Bc6 57. Ng4 Qe4 58. Ne5+ fxe5 59. Qd6+ Kh5 60. Qd1+ g4 0-1

[Event "Singapore op"]
[Site "Singapore"]
[Date "2004.12.18"]
[Round "9"]
[White "Wong, Zi Jing"]
[Black "Singh, Rishipal S"]
[Result "1-0"]
[WhiteElo "2349"]
[BlackElo "2259"]
[PlyCount "51"]
[EventDate "2004.12.11"]
[EventType "swiss"]
[EventRounds "9"]
[EventCountry "SIN"]
[SourceTitle "CBM 103 Extra"]
[Source "ChessBase"]
[SourceDate "2005.01.01"]
[SourceVersion "1"]
[SourceVersionDate "2005.01.01"]
[SourceQuality "1"]

1. e4 e5 2. Nf3 Nf6 3. Nxe5 d6 4. Nf3 Nxe4 5. c4 Be7 6. Be2 0-0 7. 0-0 Nc6 8. Nc3 Nxc3 9. bxc3 Bg4 10. d4 Bf6 11. h3 Bh5 12. Rb1 Rb8 13. Rb5 Bg6 14. Nh2 a6 15. Rb2 Re8 16. Ng4 Be4 17. Bd3 Bg5 18. f4 Bh4 19. f5 h5 20. Bxe4 Rxe4 21. Nf2 Bxf2+ 22. Rfxf2 Qh4 23. f6 g6 24. Qd2 Kf8 25. Qh6+ Ke8 26. Bg5 1-0

[Event "Singapore op"]
[Site "Singapore"]
[Date "2004.12.14"]
[Round "5"]
[White "Wen, Gehua"]
[Black "Singh, Rishipal S"]
[Result "0-1"]
[WhiteElo "2071"]
[BlackElo "2259"]
[PlyCount "60"]
[EventDate "2004.12.11"]
[EventType "swiss"]
[EventRounds "9"]
[EventCountry "SIN"]
[SourceTitle "CBM 103 Extra"]
[Source "ChessBase"]
[SourceDate "2005.01.01"]
[SourceVersion "1"]
[SourceVersionDate "2005.01.01"]
[SourceQuality "1"]

1. c4 e5 2. Nc3 Nc6 3. Nf3 f5 4. d3 Nf6 5. Bg5 Bb4 6. Qb3 e4 7. Nd2 Nd4 8. Qd1 exd3 9. exd3 0-0 10. Be3 Re8 11. Ne2 Ne6 12. a3 Bf8 13. Nb3 f4 14. Bd4 Nxd4 15. Nbxd4 d5 16. Qd2 dxc4 17. dxc4 Ne4 18. Qxf4 c5 19. Nb3 Bd6 20. Qe3 Ng3 21. Qxe8+ Qxe8 22. hxg3 Bf5 23. 0-0-0 Qe4 24. Kd2 Be5 25. g4 Qc2+ 26. Ke1 Bxg4 27. Nxc5 Bxb2 28. f3 Bxa3 29. Ne4 Bb4+ 30. Nd2 Rd8 0-1

[Event "Internet Section 09A g/8'+2\""]
[Site "Dos Hermanas"]
[Date "2004.03.09"]
[Round "3"]
[White "Candela Perez, Jose"]
[Black "Singh, Rishipal S"]
[Result "1-0"]
[WhiteElo "2410"]
[BlackElo "2285"]
[PlyCount "87"]
[EventDate "2004.03.09"]
[EventType "swiss (blitz)"]
[EventRounds "9"]
[EventCountry "ESP"]
[SourceTitle "CBM 099 Extra"]
[Source "ChessBase"]
[SourceDate "2004.05.04"]
[SourceVersion "1"]
[SourceVersionDate "2004.05.04"]
[SourceQuality "1"]

1. d4 Nf6 2. c4 g6 3. Nc3 Bg7 4. e4 d6 5. Nf3 0-0 6. Be2 e5 7. d5 Na6 8. Bg5 h6 9. Bh4 g5 10. Bg3 Nh5 11. h4 Nxg3 12. fxg3 gxh4 13. Nxh4 Qg5 14. g4 Bf6 15. Qd2 Qxd2+ 16. Kxd2 Bg5+ 17. Kc2 Nb4+ 18. Kb3 a5 19. Nf5 Bxf5 20. gxf5 Na6 21. Rh3 Nc5+ 22. Kc2 f6 23. Rah1 Kg7 24. b3 Rf7 25. a3 Re7 26. b4 Nd7 27. Kb3 Nb6 28. Rd1 Ree8 29. Nb5 Rec8 30. c5 dxc5 31. bxc5 Nd7 32. Rc3 a4+ 33. Kb4 b6 34. cxb6 cxb6 35. Nc7 Rab8 36. d6 Nc5 37. Ne6+ Kh7 38. d7 Rd8 39. Nxd8 Rxd8 40. Rxc5 bxc5+ 41. Kxc5 Kg7 42. Kc6 Kf7 43. Kc7 Ke7 44. Rd6 1-0

[Event "Internet Section 09A g/8'+2\""]
[Site "Dos Hermanas"]
[Date "2004.03.09"]
[Round "2"]
[White "Singh, Rishipal S"]
[Black "Schebler, Gerhard"]
[Result "1-0"]
[WhiteElo "2285"]
[BlackElo "2478"]
[PlyCount "49"]
[EventDate "2004.03.09"]
[EventType "swiss (blitz)"]
[EventRounds "9"]
[EventCountry "ESP"]
[SourceTitle "CBM 099 Extra"]
[Source "ChessBase"]
[SourceDate "2004.05.04"]
[SourceVersion "1"]
[SourceVersionDate "2004.05.04"]
[SourceQuality "1"]

1. e4 c6 2. d3 d5 3. Nd2 Nf6 4. Ngf3 Bg4 5. Be2 e6 6. 0-0 Be7 7. h3 Bh5 8. Nh2 Bxe2 9. Qxe2 Qb6 10. Kh1 Nbd7 11. f4 dxe4 12. dxe4 a5 13. Nc4 Qc7 14. e5 Nd5 15. f5 exf5 16. Rxf5 0-0 17. Bg5 Nc5 18. Ng4 Kh8 19. Bxe7 Qxe7 20. Raf1 Rad8 21. Qf3 Rd7 22. Nd6 Kg8 23. c4 Nb4 24. Nf6+ Kh8 25. Rh5 1-0